Rozhodovanie v distribučných kanáloch

Gespeichert in:
Bibliographische Detailangaben
1. Verfasser: Daňo, Ferdinand, 1959-
Körperschaft: Ekonomická univerzita v Bratislave. Obchodná fakulta
Format: Buch
Sprache:Slowakisch
Veröffentlicht: Bratislava EU 1994
Ausgabe:1. vyd.
Schlagworte:
Tags: Tag hinzufügen
Keine Tags, Fügen Sie das erste Tag hinzu!

MARC

LEADER 00000nam a2200000 4500
001 c005236
005 20240502071308.5
020 |a 80-225-0575-7 
041 0 |a slo 
044 |a SK 
245 1 0 |a Rozhodovanie v distribučných kanáloch  |c Ferdinand Daňo 
250 |a 1. vyd. 
264 1 |a Bratislava  |b EU  |c 1994 
300 |a 200 s. 
610 2 0 |a rozhodovanie 
610 2 0 |a distribúcia 
610 2 0 |a kanály 
610 2 0 |a odbyt 
610 2 0 |a kontrola 
610 2 0 |a koncepcie 
610 2 0 |a manažment 
610 2 0 |a manažéri 
610 2 0 |a diagramy vývojové 
100 1 |a Daňo, Ferdinand, 1959- 
710 2 |a Ekonomická univerzita v Bratislave. Obchodná fakulta